[Event "Solingen-ch 2023"]
[Site "Solingen"]
[Date "2023.11.17"]
[Round "7.10"]
[White "Steinbach, Wolfgang"]
[Black "Bauer, Matthias"]
[Result "1/2-1/2"]
[WhiteElo "1877"]
[BlackElo "1643"]
[PlyCount "57"]
[EventDate "2023.??.??"]
[WhiteTeam "SG Solingen"]
[BlackTeam "SV Günnigfeld 1922"]

1. Nf3 b6 2. c4 Bb7 3. e3 e6 4. b3 Nf6 5. Bb2 Be7 6. Nc3 O-O 7. Be2 c6 8. Qc2 d5 9. Rg1 dxc4 10. bxc4 Qc7 11. g4 Na6 12. g5 Nd7 13. Ne4 Bb4 14. Nf6+ Nxf6 15. gxf6 g6 16. Ne5 Rfd8 17. O-O-O Kf8 18. Qe4 Qd6 19. Qf4 Ke8 20. Qh6 Ba3 21. Nxf7 Bxb2+ 22. Kxb2 Qb4+ 23. Ka1 Rxd2 24. Nd6+ Qxd6 25. Rxd2 Qxd2 26. Qg7 Qc3+ 27. Kb1 Qb4+ 28. Ka1 Qc3+ 29. Kb1 1/2-1/2

[Event "Solingen-ch 2023"]
[Site "Solingen"]
[Date "2023.11.17"]
[Round "7.11"]
[White "Fichtner, Ewald"]
[Black "Pernizki, Max"]
[Result "1-0"]
[WhiteElo "2051"]
[BlackElo "1546"]
[PlyCount "65"]
[EventDate "2023.??.??"]
[WhiteTeam "SG Solingen"]
[BlackTeam "SG Solingen"]

1. d4 Nf6 2. Nc3 c5 3. d5 d6 4. e4 g6 5. Nf3 Bg7 6. Be2 O-O 7. O-O e6 8. Nd2 exd5 9. exd5 Na6 10. Nc4 Nc7 11. a4 Re8 12. Bf4 Ne4 13. Nxe4 Rxe4 14. Bxd6 Rd4 15. Qc1 Rxd5 16. Rd1 b6 17. Rxd5 Nxd5 18. Bf3 Bb7 19. Qd2 Bxb2 20. Nxb2 Qxd6 21. c4 Qe5 22. Re1 Qc3 23. Qxc3 Nxc3 24. Bxb7 Rd8 25. Bd5 Nxd5 26. Rd1 Kg7 27. cxd5 Kf6 28. Nc4 Kf5 29. f3 g5 30. Kf2 h5 31. Re1 Rd7 32. Re8 Kg6 33. Ne5+ 1-0

[Event "Solingen-ch 2023"]
[Site "Solingen"]
[Date "2023.11.17"]
[Round "7.14"]
[White "Linke, Marius"]
[Black "Schüller, Reinhard"]
[Result "1-0"]
[WhiteElo "1703"]
[BlackElo "1350"]
[PlyCount "45"]
[EventDate "2023.??.??"]
[WhiteTeam "SG Solingen"]
[BlackTeam "SG Solingen"]

1. d4 Nf6 2. Nf3 c5 3. e3 d5 4. Bd3 Nc6 5. c3 Bg4 6. Nbd2 e5 7. dxe5 Nxe5 8. Bb5+ Nfd7 9. Bxd7+ Nxd7 10. Qa4 Be6 11. e4 Be7 12. O-O O-O 13. e5 Qc7 14. Re1 a6 15. Nf1 b5 16. Qf4 h6 17. Qg3 Kh7 18. b3 f6 19. exf6 Qxg3 20. Nxg3 Rxf6 {(=)} 21. Nh5 Re8 22. Bd2 Rf5 23. Rxe6 1-0

[Event "Solingen-ch 2023"]
[Site "Solingen"]
[Date "2023.11.17"]
[Round "7.15"]
[White "Atar, Efecan"]
[Black "Dhanasekaran Meenambigai, Diya"]
[Result "1-0"]
[WhiteElo "1585"]
[BlackElo "1361"]
[PlyCount "87"]
[EventDate "2023.??.??"]
[WhiteTeam "SG Solingen"]
[BlackTeam "SG Solingen"]

1. c4 e5 2. g3 Nc6 3. Bg2 f5 4. Nc3 Nf6 5. e3 d5 6. cxd5 Nb4 7. d3 Nbxd5 8. Nge2 c6 9. a3 Bd6 10. O-O O-O 11. Qb3 Rf7 12. Nxd5 Nxd5 13. Bxd5 cxd5 14. Qxd5 Qe7 15. b4 Be6 16. Qg2 Qd7 17. f4 Re8 18. Bb2 Bb3 19. fxe5 Bxe5 20. Nd4 Bxd4 21. Bxd4 Bd5 22. Qb2 a6 23. Rac1 Rfe7 24. Bc5 Re5 25. Qf2 Be6 26. d4 Re4 27. Rcd1 Bb3 28. Rde1 Be6 29. h3 g6 30. Qd2 f4 31. exf4 Bxh3 32. Rxe4 Rxe4 33. Re1 Qd5 34. Rxe4 Qxe4 35. d5 Qb1+ 36. Kh2 Bd7 37. Qe2 Qf5 38. Qg2 h5 39. d6 Bc6 40. Qa2+ Kg7 41. Qe2 Qd7 42. Qe5+ Kf7 43. Bd4 Qf5 44. Qe7+ 1-0

[Event "Solingen-ch 2023"]
[Site "Solingen"]
[Date "2023.11.17"]
[Round "7.16"]
[White "Neumair, Dorian"]
[Black "Schubert, Stefan"]
[Result "1/2-1/2"]
[WhiteElo "1498"]
[BlackElo "1516"]
[PlyCount "41"]
[EventDate "2023.??.??"]
[WhiteTeam "SC Erkrath 1973"]
[BlackTeam "SG Solingen"]

1. e4 e5 2. Nf3 Nc6 3. Bc4 d6 4. h3 Be7 5. Nc3 Na5 6. Bb3 Nxb3 7. axb3 Bf6 8. d4 Qe7 9. O-O g5 10. Nd5 Qd7 11. dxe5 Bxe5 12. Nxe5 dxe5 13. Bxg5 Qc6 14. Nb6 f6 15. Qh5+ Ke7 16. Bxf6+ Nxf6 17. Qxe5+ Be6 18. Nxa8 Rxa8 19. f3 Rg8 20. g4 h6 21. c3 1/2-1/2

[Event "Solingen-ch 2023"]
[Site "Solingen"]
[Date "2023.11.17"]
[Round "7.17"]
[White "Wawi, Bilal Alexander"]
[Black "Littek, Oliver"]
[Result "1/2-1/2"]
[WhiteElo "1386"]
[BlackElo "1585"]
[PlyCount "75"]
[EventDate "2023.??.??"]
[WhiteTeam "SG Solingen"]
[BlackTeam "SG Solingen"]

1. e4 e5 2. Nf3 Nc6 3. Bc4 Nf6 4. Ng5 d5 5. exd5 b5 6. Bxb5 Qxd5 7. Bxc6+ Qxc6 8. O-O Bb7 9. Nf3 g5 10. d3 g4 11. Nh4 O-O-O 12. Be3 Kb8 13. f3 Rg8 14. Nd2 Nd5 15. Bf2 gxf3 16. Nhxf3 Nf4 17. Bg3 Rg4 18. Ne4 Qg6 19. Nxe5 Qb6+ 20. Kh1 Rxg3 21. hxg3 Nxg2 22. Qe2 Ne3 23. Nxf7 Nxf1 24. Rxf1 Re8 25. c3 Qg6 26. Kh2 Re7 27. Nfg5 Bh6 28. Rf6 Qxf6 29. Qg4 Bxe4 30. Nxe4 Qe6 31. Qh5 Qg6 32. Qh4 Rd7 33. Nc5 Rd6 34. Qb4+ Kc8 35. Qb7+ Kd8 36. Qb8+ Ke7 37. Qxc7+ Ke8 38. Qb8+ 1/2-1/2

[Event "Solingen-ch 2023"]
[Site "Solingen"]
[Date "2023.11.17"]
[Round "7.19"]
[White "Kovalyova, Alina"]
[Black "Fodor, Bernhard"]
[Result "0-1"]
[WhiteElo "940"]
[BlackElo "1295"]
[PlyCount "118"]
[EventDate "2023.??.??"]
[WhiteTeam "SG Solingen"]
[BlackTeam "SG Solingen"]

1. e4 e5 2. Nf3 Nf6 3. Nc3 d6 4. Bc4 Nxe4 5. Nxe4 d5 6. Bxd5 Qxd5 7. d3 Nc6 8. O-O Bg4 9. c4 Qd7 10. Ned2 Qxd3 11. Qb3 Qxb3 12. axb3 O-O-O 13. h3 Bxf3 14. Nxf3 Rd3 15. b4 Bxb4 16. Be3 Rhd8 17. Bxa7 b6 18. Bxb6 cxb6 19. Ra8+ Kb7 20. Rxd8 Rxd8 21. Ng5 Rd7 22. f4 h6 23. Ne4 f5 24. Ng3 g6 25. h4 Rd3 26. Kh2 e4 27. h5 gxh5 28. Nxf5 Rb3 29. Rf2 Na5 30. Re2 Nxc4 31. Rxe4 Rxb2 32. Rxc4 Bc5 33. Nxh6 Rb5 34. g4 hxg4 35. Nxg4 Rb3 36. Re4 Rb4 37. Rxb4 Bxb4 38. f5 Bd6+ 39. Kh3 b5 40. Ne3 Kc6 41. Nc2 Kd5 42. Kg4 Ke5 43. Kg5 Bc5 44. Ne1 Ke4 45. f6 b4 46. f7 b3 47. Kg6 Bf8 48. Kh7 b2 49. Kg8 Bd6 50. Ng2 b1=Q 51. f8=Q Bxf8 52. Kxf8 Qf1+ 53. Ke8 Qxg2 54. Kd7 Ke5 55. Kc7 Qc2+ 56. Kd7 Qc5 57. Ke8 Qa7 58. Kf8 Kf6 59. Kg8 Qg7# 0-1